000 00563nam a2200193Ia 4500
005 20250508154502.0
008 008 250505s9999 xx 000 0 eng d
037 _aTextual
040 _aFEDL
_beng
_cFEDL
041 _aeng
_2eng
084 _a155.413, HAR
_qFEDL
100 _aHarvey O.J.
_9765523
245 0 _aConceptual systems and personality organization
260 _aNew York, USA
_bJohn Wiley and Sons, Inc.
_c1961
300 _axii,375p.
650 _aChild Psychology
942 _cTEXL
_h155.413, HAR
999 _c1350535
_d1350535